Bytový dom

Salvato in:
Dettagli Bibliografici
Autore principale: Miškovičová, Lucia (Autore)
Altri autori: Ďubek, Marek (Relatore della tesi)
Natura: Manoscritto Libro
Lingua:slovacco
Pubblicazione: 2019
Soggetti:
Accesso online:http://is.stuba.sk/zp/portal_zp.pl?podrobnosti=124878
https://opac.crzp.sk/?fn=detailBiblioForm&sid=72994EA9AD52E4DE4E964D064587
Tags: Aggiungi Tag
Nessun Tag, puoi essere il primo ad aggiungerne!!

MARC

LEADER 00000ntm a22000003a 4500
001 stuzp74028
003 SK-STU
005 20230608092512.2
007 ta
008 150427s2015----xo-----f-mn---000-0-slo-d
040 |a STU  |b slo 
041 0 |a slo 
100 1 |a Miškovičová, Lucia  |u 010270  |4 aut  |U SvF Stavebná fakulta  |T SvF Katedra technológie stavieb  |X 81182  |U V270  |Y 28  |7 81182 
242 0 1 |a Apartment House  |y eng 
245 1 0 |a Bytový dom 
260 |c 2019 
650 4 |a bytový dom  |2 slo 
650 4 |a projekt organizácie výstavby  |2 slo 
650 4 |a debnenie výťahovej šachty  |2 slo 
650 4 |a časový plán  |2 slo 
650 4 |a apartment building  |2 eng 
650 4 |a the project construction planning  |2 eng 
650 4 |a formwork system of elevation schaft  |2 eng 
700 1 |a Ďubek, Marek  |u 010270  |k Z1  |4 ths  |U SvF Stavebná fakulta  |T SvF Katedra technológie stavieb  |X 20818  |U V270  |Y 28  |7 A000020818 
856 4 |u http://is.stuba.sk/zp/portal_zp.pl?podrobnosti=124878 
856 4 |u https://opac.crzp.sk/?fn=detailBiblioForm&sid=72994EA9AD52E4DE4E964D064587